00802 2200253 4500001002100000005001700021008004100038035002400079082001200103090001900115100001400134245012300148250001100271260007900282300003000361500002700391650003700418700001800455700002400473850001500497980001500512985000600527999001500533YOGYA-0209000003615920090227025107.0 ind  0010-020900000036159 a959.821 a959.821bSum B aSumarsono aBudaya masyarakat perbatasanbstudi tentang corak dan pola..cSumarsono, Toto Sucipto ; penyunting, Y. Sigit Widiyanto aCet. 1 aJakartabBagian Proyek Pengkajian dan Pembinaan kebudayaan masa kinic1999 axii, 108 hlmbilusc21 cm aBibliografi : hlm. 101 aKebudayaan masyarakat langensari aSucipto, Toto aWidiyanto, Y. Sigit aYOPDYOG(B) a10-02-2006 a1 a99A0032601